APEC Schools

Study and thinking skills / (Record no. 4652)

000 -LEADER
fixed length control field nam a22 7a 4500
005 - DATE AND TIME OF LATEST TRANSACTION
control field 20180207080930.0
008 - FIXED-LENGTH DATA ELEMENTS--GENERAL INFORMATION
fixed length control field 180207b xxu||||| |||| 00| 0 eng d
020 ## - IDENTIFIER FOR THE MANIFESTATION
Identifier for the Manifestation 9789719905868
Binding paperback
040 ## - CATALOGING SOURCE
Language of Cataloging eng
Transcribing Agency APEC Schools Library
Description Conventions rda
082 ## - DEWEY DECIMAL CLASSIFICATION NUMBER
Classification number C 371.30281
Author's Number Se21s 2014
100 1# - CREATOR
Preferred Name of the Person Sebastian, Evelyn L.
245 10 - TITLE AND STATEMENT OF RESPONSIBILITY
Preferred Title Proper Study and thinking skills /
Statement of Responsibility/Parallel Statement of Responsibility Evelyn L. Sebastian, Ma. Perpetua Arcilla-Serapio
264 ## - PUBLICATION STATEMENT
Place of publication, distribution, etc Manila, PH :
Publisher's Name/Parallel Publisher's Name Mindshapers,
Copyright ©2014.
Date of Publication [2014].
300 ## - PHYSICAL DESCRIPTION
Extent vi, 155 pages :
Illustrative Content some illustrations ;
Dimensions 26 cm
336 ## - RDA CONTENT
Source rdacontent
Content Type text
337 ## - RDA MEDIA
Source rdamedia
Media Type unmediated
338 ## - RDA CARRIER
Source rdacarrier
Carrier Type volume
504 ## - BIBLIOGRAPHY, ETC. NOTE
Bibliography, etc Includes bibliographical references.
505 0# - CONTENTS
Related Work = Contents Understanding Study and Thinking Skills 1 -- Developing and Organizing Study Skills 3 -- Methods for Successful Studying 9 -- Logical Thinking as a Skill 15 -- Listening and Note-Taking 21 -- Reading and Writing: Essential Skills in Learning 45 -- Study Strategies for Academic Disciplines 91 -- Language Arts Basics 101 -- Appendix A 141 -- Appendix B 149 -- References 155
520 2# - SUMMARIZATION OF THE CONTENT
Summarization of the Content "This book aims to integrate both learning and thinking to help students take an active role in learning, and as an active learner, they develop positive attitude, and confidence. This book is designed to be flexible. The opening chapters provide basic framework and the introduction to study and thinking skills."--
650 ## - ADDED SUBJECT ACCESS POINT - TOPICAL TERM
Topical Term Critical thinking
General Subdivision Study and teaching.
700 1# - ADDED AUTHORIZED ACCESS POINT - PERSONAL NAME
Preferred Name of the Person Serapio, Ma. Perpetua A.
Relator Term author.
942 ## - ADDED ENTRY ELEMENTS (KOHA)
Source of Classification
Koha Item Type Books
Holdings
Library Site Location Shelving Location Source of Acquisition Full Classification Number Accession Number Koha Item Type
APEC Bacoor Library APEC Bacoor Library Circulation Institutional Fund C 371.30281 Se21s 2014 B04-0000123 Non Fiction
APEC C. Raymundo Library APEC C. Raymundo Library Circulation Institutional Fund C 371.30281 Se21s 2014 A07-0000089 Non Fiction
APEC Calumpang Library APEC Calumpang Library Circulation Institutional Fund C 371.30281 Se21s 2014 B10-0000103 Non Fiction
APEC Calumpang Library APEC Calumpang Library Circulation Institutional Fund C 371.30281 Se21s 2014 B10-0000104 Non Fiction
APEC Dasmarinas Library APEC Dasmarinas Library Circulation Institutional Fund C 371.30281 Se21s 2014 B03-0000119 Non Fiction
APEC Doña Juana Library APEC Doña Juana Library Circulation Institutional Fund C 371.30281 Se21s 2014 A02-0000077 Non Fiction
APEC España Library APEC España Library Circulation Institutional Fund C 371.30281 Se21s 2014 B11-0000085 Non Fiction
APEC G. Tuazon Library APEC G. Tuazon Library Circulation Institutional Fund C 371.30281 Se21s 2014 B05-0000091 Non Fiction
APEC Grace Park West Library APEC Grace Park West Library Circulation Institutional Fund C 371.30281 Se21s 2014 A09-0000086 Non Fiction
APEC Holy Spirit Library APEC Holy Spirit Library Circulation Institutional Fund C 371.30281 Se21s 2014 A03-0000087 Non Fiction
APEC JRU Lipa Library APEC JRU Lipa Library Circulation Institutional Fund C 371.30281 Se21s 2014 B12-0000119 Non Fiction
APEC Las Piñas Library APEC Las Piñas Library Circulation Institutional Fund C 371.30281 Se21s 2014 C01-0000124 Non Fiction
APEC Marikina Heights Library APEC Marikina Heights Library Circulation Institutional Fund C 371.30281 Se21s 2014 A08-0000089 Non Fiction
APEC Calumpang Library APEC Marikina Heights Library Circulation Institutional Fund C 371.30281 Se21s 2014 C02-0000123 Non Fiction
APEC Muntinlupa Library APEC Muntinlupa Library Circulation Institutional Fund C 371.30281 Se21s 2014 B01-0000132 Non Fiction
APEC New Manila Library APEC New Manila Library Circulation Institutional Fund C 371.30281 Se21s 2014 C03-0000125 Non Fiction
APEC North Fairview Library APEC North Fairview Library Circulation Institutional Fund C 371.30281 Se21s 2014 A04-0000088 Non Fiction
APEC Ortigas Extension, Cainta Library APEC Ortigas Extension, Cainta Library Circulation Institutional Fund C 371.30281 Se21s 2014 B09-0000120 Non Fiction
APEC Roxas Boulevard Library APEC Roxas Boulevard Library Circulation Institutional Fund C 371.30281 Se21s 2014 B06-0000085 Non Fiction
APEC Silangan, Pateros Library APEC Silangan, Pateros Library Circulation Institutional Fund C 371.30281 Se21s 2014 B07-0000097 Non Fiction
APEC Sta. Rita Library APEC Sta. Rita Library Circulation Institutional Fund C 371.30281 Se21s 2014 B02-0000082 Non Fiction
APEC Taytay Library APEC Taytay Library Circulation Institutional Fund C 371.30281 Se21s 2014 B08-0000121 Non Fiction
APEC Tondo Library APEC Tondo Library Circulation Institutional Fund C 371.30281 Se21s 2014 A10-0000086 Non Fiction
APEC V. Luna Library APEC V. Luna Library Circulation Institutional Fund C 371.30281 Se21s 2014 A01-0000079 Non Fiction

Powered by Koha